000 00504nam a2200169 i 4500
001 63125
003 ES-MaACL
005 20250823063039.0
007 t|
008 031128s1970 sp ||||1| spa d
100 1 _aFernández-Rúa, José Luis,
_d1916-2002
_950048
245 1 0 _aEspaña secreta
_b: (1868-1870) /
_cJosé Luis Fernández-Rua.
260 _aMadrid :
_bEditora Nacional,
_c1970.
300 _a202 p. ;
_c24 cm.
852 _aES-MaACL
_jC-37773
_bR.75850
999 _c63125
_d63125